000 00560nam a22001937a 4500
005 20260424111412.0
008 260424b |||||||| |||| 00| 0 eng d
037 _cDSWL
040 _aDSWL
_cDSWL
041 _heng
084 _aS8:7 Q1
100 _aNezlek, John B
_91235619
245 _aMultilevel modeling for social and personality psychology
260 _aLos Angeles,
_bSage Publication,
_c2011
300 _a113p
365 _aINR
_b2695
942 _2CC
_cTEXL
_hS8:7 Q1
_n0
999 _c1848492
_d1848492